Akehurst's modern introduction to international law / (Record no. 588308)
[ view plain ]
| 000 -LEADER | |
|---|---|
| fixed length control field | 01412cam a2200217 i 4500 |
| 020 ## - INTERNATIONAL STANDARD BOOK NUMBER | |
| International Standard Book Number | 9780415243568 (pbk) |
| 082 00 - DEWEY DECIMAL CLASSIFICATION NUMBER | |
| Classification number | 341 |
| 100 1# - MAIN ENTRY--PERSONAL NAME | |
| Personal name | Orakhelashvili, Alexander, |
| Relator term | author. |
| 245 10 - TITLE STATEMENT | |
| Title | Akehurst's modern introduction to international law / |
| Statement of responsibility, etc. | Alexander Orakhelashvili. |
| 250 ## - EDITION STATEMENT | |
| Edition statement | Eighth edition. |
| 260 ## - PUBLICATION, DISTRIBUTION, ETC. | |
| Place of publication, distribution, etc. | New York : |
| Name of publisher, distributor, etc. | Routledge, |
| Date of publication, distribution, etc. | 2019. |
| 300 ## - PHYSICAL DESCRIPTION | |
| Extent | xxxix, 581 pages ; |
| Dimensions | 25 cm. |
| 504 ## - BIBLIOGRAPHY, ETC. NOTE | |
| Bibliography, etc. note | Includes bibliographical references and index. |
| 650 #0 - SUBJECT ADDED ENTRY--TOPICAL TERM | |
| Topical term or geographic name entry element | International law. |
| 700 1# - ADDED ENTRY--PERSONAL NAME | |
| Personal name | Akehurst, Michael Barton. |
| 942 ## - ADDED ENTRY ELEMENTS (KOHA) | |
| Source of classification or shelving scheme | |
| Koha item type | Book |
| 650 #0 - SUBJECT ADDED ENTRY--TOPICAL TERM | |
| -- | 90114 |
| 700 1# - ADDED ENTRY--PERSONAL NAME | |
| -- | 90115 |
| Withdrawn status | Lost status | Source of classification or shelving scheme | Damaged status | Not for loan | Permanent Location | Current Location | Date acquired | Total Checkouts | Total Renewals | Full call number | Barcode | Date last seen | Date last checked out | Price effective from | Koha item type |
|---|---|---|---|---|---|---|---|---|---|---|---|---|---|---|---|
| NUST Law School (NLS) | NUST Law School (NLS) | 02/25/2022 | 3 | 5 | 341 ORA | CL-990 | 06/01/2024 | 01/12/2024 | 02/25/2022 | Book | |||||
| NUST Law School (NLS) | NUST Law School (NLS) | 02/25/2022 | 4 | 3 | 341 ORA | CL-991 | 01/23/2026 | 10/01/2025 | 02/25/2022 | Book |
